01382nam a2200325 i 4500001001000000003000900010005001700019007000300036008004100039040003000080041000800110082001900118110007500137245003400212264007700246300002700323336002700350337003300377338002800410490002800438590002600466710008500492830003500577910000700612942001400619952012800633952013900761952013900900999001701039000042321DO-SdBNP20251016105049.0ta131125s2000 dr 000 0 spa d aDO-SdBNPbspacBNPHUerda aspa axxxbR426o2221 aRepública Dominicana.bSecretaria de Estado de Educación y Cultura00aOrientacion y psicología /. aSanto Domingo :bSecretaría de Estado de Educación y Cultura,c2000. a54 páginas ;c23 cm. ardacontentbtexto2txt ardamediabsin mediación2n ardacarrierbvolumen2nc1 aGestión educativav14 aInventariado, 2025/DG aSecretaría de Estado de Educación y Cultura, (República Dominicana)955093 0aGestión educativav14919751 aDG 2ddccLBS1 00102ddc51708PDaBNPHUbBNPHUcCTd2013-11-25l0oBNPHU PD R426o p42321-10r2020-06-25w2020-06-25yLBS1ZNo se presta 00102ddc51708PDaBNPHUbBNPHUcCTd2025-10-16edonaciónl0oBNPHU PD R426op2025-11912r2025-10-16te.2w2025-10-16yLBS1zIntec 00102ddc56708DSaBNPHUbBNPHUcCTd2025-10-16edonaciónl0oBNPHU DS R426op2025-11913r2025-10-16te.3w2025-10-16yLBS1zIntec c41810d41810